| 000 | 00925cam a2200289 a 4500 | ||
|---|---|---|---|
| 999 |
_c2675 _d2675 |
||
| 001 | 3786235 | ||
| 003 | GBCCL | ||
| 005 | 20241126110436.0 | ||
| 008 | 840418s1984 txu 000 0 eng | ||
| 010 | _a 84007490 | ||
| 020 |
_a0849903777 : _c$10.00 |
||
| 040 |
_aDLC _cDLC _dDLC |
||
| 050 | 0 | 0 |
_aBV4909 _b.L26 1984 |
| 082 | 0 | 0 |
_a248.86 _219 _bLAN |
| 100 | 1 |
_aLandorf, Joyce. _95632 |
|
| 245 | 1 | 0 |
_aSilent September / _cJoyce Landorf. |
| 260 |
_aWaco, Tex. : _bWord Books, _cc1984. |
||
| 300 |
_a63 p. ; _c20 cm. |
||
| 490 | 1 | _aFrom the heart | |
| 600 | 1 | 0 |
_aHeatherley, Joyce Landorf. _95300 |
| 650 | 0 |
_aConsolation. _9348 |
|
| 650 | 0 |
_aSuffering _xReligious aspects _xChristianity. _9472 |
|
| 650 | 0 |
_aTemporomandibular joint _xDiseases _xPatients _zUnited States _xBiography. _95633 |
|
| 800 | 1 |
_aHeatherley, Joyce Landorf. _tFrom the heart. _95634 |
|
| 906 |
_a7 _bcbc _corignew _d1 _eocip _f19 _gy-gencatlg |
||
| 942 |
_2ddc _cBK |
||